000
00217nam a2200097Ia 4500
008
240331s9999 xx 000 0 und d
082
_a
303
_b
RAT
100
_a
Ratnapala, N
245
0
_a
Sri Lankave yachakaya
942
_c
L
999
_c
1274
_d
1274